000 00611nam a2200181Ia 4500
008 100917s9999 xx 000 0 und d
082 _b58906
100 _aगाताडे प्रभाकर
245 _aचिट्टी चिट्टी बॅग बॅग
260 _bअनमोल प्रकाशन
_c1978
300 _a88
365 _b4
520 _aबालविभाग
630 _aचिट्टी चिट्टी बॅग बॅग
650 _aबालविभाग
730 _aचिट्टी चिट्टी बॅग बॅग
942 _cBOOK
999 _c664300
_d664297